000 00707nam a22002417a 4500
003 UA-OsUOA
001 69431
007 ta
008 20100621b un ||||| |||| 00| 0 ukr d
100 _aАрхипов С. И.
090 _a340.11
_bА87
942 _cBK
040 _aUA-OsUOA
_brus
_cUA-OsUOA
_dUA-OsUOA
245 _aСубъект права: теоретическое исследование
300 _a469 с.
955 _a2
041 _arus
080 _a340.11
020 _a5-94201-393-4
260 _aСПб
_c2004
650 7 _a340 Право в цілому. Пропедевтика. Методи та допоміжні правничі науки
_2UDC
999 _c355644
_d355644